000 00498nam a2200193 a 4500
001 1777027203924
003 YourLibrary
005 20260424161209.0
008 260424s2000##################000#0#eng##
020 _a9780754621478
082 0 4 _a344.03288STR
100 1 _aStrang, Heather,
_eauthor.
245 1 0 _aRestorative Justice :
260 _bDartmouth Publishing Company,
_c2000.
300 _a248 pages
650 0 _aLaw.
942 _cENGLISH
040 _aYourLibrary
_beng
_cYourLibrary
999 _c619894
_d619894